1621 1644 1629 1619 1223 1326 1396 1249 1899 1592 1289 1325 1298 1520 1614 1899 1430 1129 1304 1639 1592 1665 1845 1662 1425 1196 1119 1057 1530 1423 1757 1379 1864 1245 1257 1696 1850 1838 1275 1437 1753 1414 1155 1289 1048 1830 1034 1993 1718 1065 1122 1823 1121 1667 1159 1097 1738 1784 1984 1578 1787 1839 1617 1718 1068 1308 1545 1163 1792 1063 1935 1863 1673 1565 1721 1690 1551 1328 1358 1501 1830 1618 1941 1040 1611 1683 1265 1217 1193 1595 1926 1421 1813 1643 1795 1597 1954 2000 1997 BCNSPRNW ULIB Ver.6.0+V

เปลี่ยนเป็นภาษาไทย

Change to English
 แสดงรายละเอียดบรรณานุกรม
  กลับหน้าหลัก

Brief Record : Get Marc (ISO 2709) : E-mail record : QR code < ปิดหน้าต่าง
LEADER : 00000nam 2200000uu 4500
001    13399115053
003     ULIB
008    110627s2552||||th 000 0 tha d
020    9786167190198
090    นว.^bก316อ ล.1
100 0  กลีบลำดวน
245 00 อโณมายอดรัก เล่ม1/^cกลีบลำดวน
250    พิมพ์ครั้งที่ 1
260    กรุงเทพฯ :^bอินเลิฟ,^c2552
300    278 หน้า
710 1  อินเลิฟ
945    ^p0^l0^i028028
995    ทศพร
999 ^a ใช้งานได้ทุกระบบ
รายการนี้ยังไม่มีแท็ก
คุณยังไม่ได้ล็อกอิน คุณสามารถมีกิจกรรมร่วมกับเว็บไซต์ได้ แต่ต้องล็อกอินก่อน ::
  ล็อกอิน

รายการสื่อสารสนเทศ

ลำดับที่ ประเภท เลขเรียก/บาร์โค้ด สถานที่ สถานะ
1. นวนิยาย
นวนิยาย
นว. ก316อ ล.1 ฉ.1 
  Barcode: 028028
ห้องสมุดวิทยาเขตสวรรค์ประชารักษ์
►นวนิยาย
บนชั้น
  ขอยืม

รายการใกล้เคียง
    ผู้แต่ง [กลีบลำดวน]

BibComment


ยังไม่เคยถูกคอมเมนท์

คอมเมนท์ทรัพยากรรายการนี้
  คอมเมนท์: อโณมายอดรัก เล่ม1..


 Copyright 2026. Bcnsprnw @Library